Normal view
MARC view
- Cabero Almenara, Julio
Entry Nombre Personal
001 - NUMERO DE CONTROL
- campo de control: 34761
003 - IDENTIFICADOR DE NUMERO DE CONTROL
- campo de control: UPN
005 - FECHA Y HORA DE LA ÜLTIMA TRANSACCIÓN
- campo de control: 20230530134506.0
008 - DATOS DE LONGITUD FIJA
- campo de control de longitud fija: nabaccnnaabn|||||||||| b |nc|||||d
024 7# - OTROS IDENTIFICADORES NORMALIZADOS
- Fuente: orcid
- Número normalizado o código: 0000-0002-1133-6031
035 ## - NUMERO DE CONTROL
- Número de control: UPN11000006868
040 ## - FUENTE DE CATALOGACIÓN
- Lenguaje de catalogación: SPA
- Agencia de transcripción: UPN
- Agencia original de catalogación: MX-MxUPN
100 1# - ENCABEZAMIENTO - NOMBRE PERSONAL
- Nombre personal: Cabero Almenara, Julio
370 ## - LUGAR ASOCIADO
- Associated country: Sevilla, España
371 ## - DIRECCIÓN
- Electronic mail address: cabero@us.es
372 ## - CAMPO DE ACTIVIDAD
- Field of activity: Tecnología educativa
- Field of activity: Didáctica y organización educativa
373 ## - GRUPO ASOCIADO
- Associated group: Universidad de Sevilla
- Associated group: : Grupo de Investigación Didáctica: Análisis Tecnológico y Cualitativo de los Proc. de Enseñanza-Aprendizaje
374 ## - OCUPACIÓN
- Occupation: Profesor - investigador universitario
670 ## - FUENTE EN LA QUE SE LOCALIZARON DATOS
- Cita de la fuente: En sitio web : Universidad de Sevilla. Vicerrectorado de Investigación.
- Información localizada: (Julio Cabera Almenara)
- Uniform Resource Identifier: https://investigacion.us.es/sisius/sis_showpub.php?idpers=1943
680 ## - NOTA PUBLICA DE ACCESO PÚBLICO
- Frase explicativa de la referencia: Catedrático español especializado en nuevas tecnologías aplicadas a la educación
680 ## - NOTA PUBLICA DE ACCESO PÚBLICO
- Frase explicativa de la referencia: Editor jefe de la revista Pixel-Bit : revista de medios y educación
902 ## - CATALOGADOR
- Catalogador: CAA/110214
- Catalogador: Leonor Sotres/300523
